000
00196nam a2200085Ia 4500
008
120527s9999 xx 000 0 und d
100
_a
Zanden, Vander. J.
245
_a
Human Development
942
_c
BK
999
_c
27391
_d
27391